000 00359nam a22001457a 4500
022 _a978-81-7261-256-6
041 _aENG
082 _a232
_bOSH
100 _aOsho(Bhagwan Rajneesh)
245 _aI Say Unto You V1: Talks on the Sayings of Jesus
260 _aPune
_bOsho Media International
_c1979
300 _a265
650 _aSpirituality
942 _cBK
999 _c20992
_d20992